Shiatsu for Midwives : (Record no. 608443)

MARC details
000 -LEADER
fixed length control field 00496nam a2200193 a 4500
008 - FIXED-LENGTH DATA ELEMENTS--GENERAL INFORMATION
fixed length control field 260117s2003##################000#0#eng##
020 ## - INTERNATIONAL STANDARD BOOK NUMBER
ISBN 9780750655231
082 04 - DEWEY DECIMAL CLASSIFICATION NUMBER
Classification number 618.2
Item number YAT
100 1# - MAIN ENTRY--AUTHOR NAME
Personal name Yates, Suzanne,
245 10 - TITLE STATEMENT
Title Shiatsu for Midwives :
260 ## - PUBLICATION, DISTRIBUTION, ETC. (IMPRINT)
Name of publisher Books for Midwives Press,
Year of publication 2003.
300 ## - PHYSICAL DESCRIPTION
Number of Pages 188 pages
650 #0 - SUBJECT ADDED ENTRY--TOPICAL TERM
Topical Term Medical.
942 ## - ADDED ENTRY ELEMENTS (KOHA)
Koha item type English Books
Holdings
Withdrawn status Lost status Damaged status Not for loan Home library Current library Shelving location Date acquired Full call number Accession Number Price effective from Koha item type
        Anna Centenary Library Anna Centenary Library 5TH FLOOR, B WING 17.01.2026 618.2 YAT 237893 17.01.2026 English Books

Find us on the map